| 000 | 00520nam a22001937a 4500 | ||
|---|---|---|---|
| 999 |
_c526027 _d526027 |
||
| 003 | NUST | ||
| 020 | _qPBK | ||
| 038 | _aFaiza | ||
| 082 |
_a891.423 _bSHA |
||
| 100 |
_aShahzad, Naveed _914583 |
||
| 245 |
_aSulJhanta / _cNaveed Shahzad |
||
| 260 |
_aLahore : _bQulia Sharqia, _c2007. |
||
| 300 | _a192 p. ; | ||
| 504 | _aBibliography. | ||
| 880 |
_6100-01\r _aنوید شہزاد |
||
| 880 |
_6245-02\r _aسُلجھانتا / |
||
| 880 |
_6260-03\r _aلاہور : _bکلیہ شرقیہ, _c۲۰۰۷. |
||
| 942 |
_2ddc _cBK |
||